000 00558nam a2200169Ia 4500
005 20250424120241.0
008 250424s9999 xx 000 0 und d
022 _a15209210
050 _aQA 76.575 .I334/
245 0 _aIEEE transactions on multimedia
260 _aPiscataway, NJ
260 _bThe Institute of Electrical and Electronic Engineers
260 _c2003
300 _av. : ill. ; 28 cm.
650 _aElectrical and Electronic Engineering. IEEE Signal Processing Society. IEEE Communications Society. IEEE Computer Society.
942 _cSR
999 _c38250
_d38250